Plan maestro del área central de la ciudad de Estelí

Determina los lineamientos esenciales para que las autoridades respectivas puedan encausar el control de los problemas que se oponen al desarrollo del centro y el ordenamiento del mismo desde el punto de vista urbanístico. Plantea reordenar, racionalizar el espacio y las funciones del centro urbano...

Full description

Bibliographic Details
Main Author: Noguera Guevara, Raquel
Other Authors: Tutor: Barahona Solís, Mario
Format: Tesis Section = Libro
Language:Undetermined
Spanish
Published: Managua UNI 1995
Subjects:
LEADER 01247nam a2200205Ia 4500
008 240830s9999 xx 000 0 und d
040 |a BIBLIOTECA-RUSB/ Mon 711.7285242 N778 
041 |a spa 
082 |a Mon 711.7285242 N778 
100 1 |a Noguera Guevara, Raquel 
245 1 0 |a Plan maestro del área central de la ciudad de Estelí 
260 |a Managua  |b UNI  |c 1995 
300 |a 129 p. :il. 
502 |a Tesis (Arquitecto) - UNI, 1995. 
520 3 |a Determina los lineamientos esenciales para que las autoridades respectivas puedan encausar el control de los problemas que se oponen al desarrollo del centro y el ordenamiento del mismo desde el punto de vista urbanístico. Plantea reordenar, racionalizar el espacio y las funciones del centro urbano de Estelí, con el fin de que las actividades que se realicen sean más funcionales y eficientes. Identifica las acciones inversionistas necesarias para la formulación de planes y programas en el centro de Estelí como parte de la gestión municipal del gobierno local. Describe elaboración de planes, normas y regulaciones técnicas. 
650 7 |a URBANISMO (PLANIFICACION DEL ESPACIO) 
700 1 |a Tutor:  |b Barahona Solís, Mario 
942 |c BK  |2 ddc 
991 |a TESIS 
999 |c 21031